| 000 | 00565cam a2200205 4500 | ||
|---|---|---|---|
| 008 | 000000n1999 000 0 eng u | ||
| 020 | _a1840282819 | ||
| 035 | _a(Sirsi) u108543 | ||
| 050 | _a808.066 | ||
| 100 | _aGillies, Midge | ||
| 245 | _aBusiness writing : the essential guide to thinking and working smarter. | ||
| 260 |
_aLondon _bMarshall Publishing _c1999 |
||
| 300 | _a95p. ; 24cm. | ||
| 350 | _a9.99 | ||
| 520 | _aA self-development programme. | ||
| 650 | _aREPORT WRITING | ||
| 650 | _aLETTER WRITING | ||
| 690 | _aMANAGEMENT | ||
| 942 | _n0 | ||
| 999 |
_c100812 _d100812 |
||